| 000 | 01018nas a2200349 4500 | ||
|---|---|---|---|
| 001 | BR0402512 | ||
| 003 | BR-BrBNA | ||
| 005 | 20231205104551.0 | ||
| 007 | ta | ||
| 008 | 230509b bl.|||p| |||| 00| 00por d | ||
| 040 |
_aBR-BrBNA _bpor _cBiblioteca Nacional de Agricultura |
||
| 041 | _a(En) | ||
| 072 | _aH10 | ||
| 100 | 1 | _aHohmann, C.L. | |
| 100 | 1 | _aMeneguim, A.M. | |
| 100 | 1 | _aAndrade, E.A. | |
| 100 | 1 | _aNovaes, T.G. de | |
| 100 | 1 | _aZandoná, C. | |
| 245 | 1 | _aThe avocado fruit borer, Stenoma catenifer (Wals.)(Lepidoptera: Elachistidae): egg and damage distribution and parasitism | |
| 650 | _aABACATE | ||
| 650 | _aLAGARTA | ||
| 650 | _aCONTROLE BIOLÓGICO | ||
| 650 | _aPERDA | ||
| 650 | _aINIMIGO NATURAL | ||
| 650 | _aDANO | ||
| 650 | _aPARASITISMO | ||
| 650 | _aOVO | ||
| 650 | _aPOSTURA | ||
| 773 | 0 |
_tRevista Brasileira de Fruticultura (Brazil) _xISSN 0100-2945 _g(Dec 2003), v. 25(3) p. 432-435 _wBR0402512 |
|
| 909 |
_a202311 _bLúcia _c55 _dLúcia Elande |
||
| 942 |
_2AGRIS _n0 _cANA |
||
| 999 |
_c178754 _d178754 |
||